De ratiociniis administratorum, et computationibus variis aliis, tractatus praegnatissimus, omnibus juri operam dantibus, tam in theoria, quam praxi, utilis, judicibus et advocatis pernecessarius / autore D. Francisco Muñoz de Escobar, J. C. in Regia Pinciana Cancellaria causarum patrono. Cum indice tum capitum, tum materiarum, hoc praefixo, illo subnexo

Detalles Bibliográficos
Autor principal: Muñoz de Escobar, Francisco, fl. 1618
Otros Autores: Deville, Roch, ed, Chalmette, Louis, ed
Formato: Libro
Lenguaje:Latin
Publicado: Lugduni : sumptibus Rochi Deville, & L. Chalmette, 1733.
Materias:
Colección:Banco de datos
Acervo:Universidad Autónoma Benito Juárez de Oaxaca. Biblioteca Francisco de Burgoa. Colección antigua
Descripción Física:2 t. ; f°
Tema general:Derecho civil
Notas:Portada tipográfica a dos tintas con pleca y grabado central xilográfico. Los números de tomos fueron tomados de los titulillos. Texto a dos columnas con paginación en números arábigos, reclamos y signaturas. Incluyen cabeceras de título con motivos florales en grabado xilográfico. Incluyen capitulares con motivos florales en grabado xilográfico. Cada tomo con numeración propia. Año de los t. 1-2 publicados en 1733. Paginación: t. 1 [1] h., 250 p.; t. 2 93 p., [12] h. Encuadernación en pergamino. Marca de fuego: Casa del Noviciado de la Compañía de Jesús de Oaxaca, Oax. Marca de fuego: Convento de Santo Domingo. Ex libris manuscrito en la guarda anterior: "Donacion del Yllmo. Señor Ortigosa. Diciembre 23 de 1791"
LEADER 01909nam a22002170004500
035 |a 3481 
041 0 |a lat 
100 1 |a Muñoz de Escobar, Francisco, fl. 1618 
245 1 0 |a De ratiociniis administratorum, et computationibus variis aliis, tractatus praegnatissimus, omnibus juri operam dantibus, tam in theoria, quam praxi, utilis, judicibus et advocatis pernecessarius / autore D. Francisco Muñoz de Escobar, J. C. in Regia Pinciana Cancellaria causarum patrono. Cum indice tum capitum, tum materiarum, hoc praefixo, illo subnexo  
260 |a Lugduni : sumptibus Rochi Deville, & L. Chalmette, 1733. 
300 |a 2 t. ; f° 
500 |a Portada tipográfica a dos tintas con pleca y grabado central xilográfico. Los números de tomos fueron tomados de los titulillos. Texto a dos columnas con paginación en números arábigos, reclamos y signaturas. Incluyen cabeceras de título con motivos florales en grabado xilográfico. Incluyen capitulares con motivos florales en grabado xilográfico. Cada tomo con numeración propia. Año de los t. 1-2 publicados en 1733. Paginación: t. 1 [1] h., 250 p.; t. 2 93 p., [12] h. Encuadernación en pergamino. Marca de fuego: Casa del Noviciado de la Compañía de Jesús de Oaxaca, Oax. Marca de fuego: Convento de Santo Domingo. Ex libris manuscrito en la guarda anterior: "Donacion del Yllmo. Señor Ortigosa. Diciembre 23 de 1791" 
504 |a Al principio del t. 1 está el índice de capítulos 
504 |a Al final del t. 2 está el índice de cosas y materias 
650 1 0 |a Derecho civil 
700 1 |a Deville, Roch, ed. 
700 1 |a Chalmette, Louis, ed. 
852 |a Universidad Autónoma "Benito Juárez" de Oaxaca, Biblioteca Francisco de Burgoa, Colección antigua t. 1 (9799); t. 2 (9799) 
942 |c BURANT 
943 |g Universidad Autónoma Benito Juárez de Oaxaca. Biblioteca Francisco de Burgoa. Colección antigua 
999 |c 1114492  |d 1114492